| 000 | 00592nam a22001937a 4500 | ||
|---|---|---|---|
| 999 |
_c13782 _d13782 |
||
| 008 | 160919b xxu||||| |||| 00| 0 eng d | ||
| 020 | _a0130352578 | ||
| 020 | _a0130606200 | ||
| 020 | _a013035256 | ||
| 050 | _aQC 23 .G399 2005 | ||
| 100 | _aGiancoli, Douglas C. | ||
| 245 |
_aPhysics :- _bprinciples with applications/ _cDouglas C. Giancoli. |
||
| 250 | _a6th ed. | ||
| 260 |
_aU.S.A. _bPrentice-Hall , _c2005. |
||
| 300 |
_axxv, 946[57]p.: _bill.(some col.); |
||
| 500 | _aincludes index | ||
| 650 | _aPhysics. | ||
| 942 |
_2lcc _cBOOKS _02 |
||